logo

Bir Sreshtho Munshi Abdur Rouf Library
Jhenaidah Cadet College

উচ্চ জীবন / (Record no. 2580)

MARC details
000 -LEADER
fixed length control field 00633nam a2200193 a 4500
003 - CONTROL NUMBER IDENTIFIER
JCCL marc code BD-JhCC
005 - DATE AND TIME OF LATEST TRANSACTION
control field 20171104202530.0
008 - FIXED-LENGTH DATA ELEMENTS--GENERAL INFORMATION
fixed length control field 171104b1986 bg ||||| |||| 00| 0 ben d
035 ## - SYSTEM CONTROL NUMBER
system control number (BD-JhCC)
040 ## - CATALOGING SOURCE
Original cataloging agency BD-JhCC
Modifying agency BD-JhCC
041 ## - LANGUAGE CODE
Language code of Book ben
082 ## - DEWEY DECIMAL CLASSIFICATION NUMBER
Classification number 891.4435
Author mark and Year RAH 1986
100 ## - MAIN ENTRY--PERSONAL NAME
Personal name রহমান, ডাক্তার লুৎফর
245 ## - TITLE STATEMENT
Title উচ্চ জীবন /
Statement of responsibility, etc ডাঃ লুৎফর রহমান
260 ## - PUBLICATION, DISTRIBUTION, ETC. (IMPRINT)
Place of publication, distribution, etc ঢাকা:
Name of publisher, distributor, etc আহমদ পাবলিশিং হাউস ;
Date of publication, distribution, etc ১৯৮৬
300 ## - PHYSICAL DESCRIPTION
Pagination ৭৪ পৃ. ;
Dimensions ২০ সেমি
650 ## - SUBJECT ADDED ENTRY--TOPICAL TERM
Topical term or geographic name as entry element Short stories
942 ## - ADDED ENTRY ELEMENTS (KOHA)
Source of classification or shelving scheme Dewey Decimal Classification
Koha item type Books
Holdings
Source of classification or shelving scheme Damaged status Not for loan Home library Current library Shelving location Date of accession Cost, normal purchase price Total Checkouts Full call number Barcode Date last seen Copy number Koha item type
Dewey Decimal Classification     JCC Rouf Library JCC Rouf Library General Stacks 11/06/2017 15.00   891.4435 RAH 1986 4463 11/06/2017 C-2 Books
Dewey Decimal Classification     JCC Rouf Library JCC Rouf Library General Stacks 11/23/2017 15.00   891.4435 RAH 1986 6112 11/23/2017 C-3 Books

JCC Library | Contacts | JCC Home

Last Update on 23 September 2017
Copyright @ 2017-2020 JCC Rouf Library
Rouf Library, Jhenidah Cadet College (JCC), Bangladesh